| 000 | 00835nam a2200241 i 4500 | ||
|---|---|---|---|
| 001 | 16574 | ||
| 003 | ES-MaACL | ||
| 005 | 20230906151343.0 | ||
| 007 | t| | ||
| 008 | 001017s2000 sp a |||| | spa j | ||
| 020 | _a84-88006-63-2 | ||
| 080 | _a75 Viladecans, Joan-Pere (064.3) | ||
| 100 | 1 |
_aViladecans, Joan-Pere. _9114750 |
|
| 245 | 1 | 0 |
_aViladecans, 365 días _b: 4 de mayo-11 de junio de 2000, Centro Cultural del Conde Duque. |
| 260 |
_a[Madrid] : _bCentro Cultural del Conde Duque, _c[2000] |
||
| 300 |
_a138 p. (algunas pleg.). : _bil. col. y n. ; _c30 cm. |
||
| 600 | 1 | 4 |
_aViladecans, Joan-Pere- _vExposiciones. _9114751 |
| 655 | 7 |
_2tgfbne _9193628 _aCatálogos de exposiciones |
|
| 710 | 2 |
_aCentro Cultural del Conde Duque. _92579 |
|
| 852 |
_aES-MaACL _jL-23904 |
||
| 942 | _2udc | ||
| 999 |
_c16574 _d16574 |
||